Geometry Dash Demon List (Updated) - Statistics

General Stats
  • This quiz has been taken 88 times
    6 since last reset
  • The average score is 38 of 75
Answer Stats
Place Verifier Publisher Level % Correct
20 Cursed Exen Abyss of Darkness
100%
3 wPopoff iMist Amethyst
100%
59 exsii cherryteam Belladonna
100%
54 Polterghast CDMusic Edge of Destiny
100%
57 BUNNYGRAM MindCap LIMBO
100%
31 Diamond Diamond Sakupen Circles
100%
11 zoe TheRealSailent Silent Clubstep
100%
26 Doggie icedcave Slaughterhouse
100%
56 Slithium Cersia The Catacombs
100%
4 Zoink OniLink Tidal Wave
100%
17 Zoink ryamu Acheron
50%
14 Whizkid05 nikroplays Anathema
50%
12 Taiago Insxne97 andromeda
50%
48 Polterghast APTeamOfficial Apocalyptic Trilogy
50%
15 Zoink oddmod Ashley Wave Trials
50%
16 Zoink PockeWindfish Avernus
50%
24 DiamondSplash Akunakunn Based After Based
50%
44 goobs Turtl123 BEING HOME
50%
8 eastshark Akunakunn BOOBAWAMBA
50%
45 Blebae Bamvie Calibrate
50%
29 McCoco McCoco CHIL
50%
60 Pukklex TCTeam Codependence
50%
61 Nexel Nexel Collapse
50%
51 Slithium Cersia COMBUSTION
50%
43 Whizkid05 stellar CONVULSION
50%
70 Timo Dzesew Damascus
50%
52 Jenath HeroZombie80 Deadlier Clubstep
50%
21 Zoink GXQ Defeated Circles
50%
32 Doggie ItsHybrid Deimos
50%
9 Hqmy MindCap Every end
50%
33 LordVadercraft hawkyre Eyes in the Water
50%
37 Trick Trick Firework
50%
2 CuatrocientosYT Narwall Flamewall
50%
65 Dezstro Arrow Fracture
50%
58 Zeronium JCMoon Gaggatrondra
50%
67 Victurkey CairoX Infinite Chaos
50%
27 Zoink cherryteam KOCMOC
50%
35 Taiago fwe KOSETSU
50%
23 {出見塩} {出見塩} Kyouki
50%
62 LordVadercraft LordVadercraft Mayhem
50%
19 Whizkid05 Arraegen Menace
50%
46 Varium CDMusic MINUSdry
50%
39 Laniakea ReeseVT NOMAD
50%
6 Zoink Kiba Nullscapes
50%
5 Zoink MindCap ORBIT
50%
75 wPopoff vit12 ORDINARY
50%
10 w3rty cherryteam Penumbral
50%
40 Kyasshukodo Liisp poocubed
50%
7 Zoink Renn241 Quanteuse processing
50%
47 bloom Renn241 Saul Goodman
50%
49 Vorten cherryteam Sevvend Clubstep
50%
38 TFIBB GDSkele Silentlocked
50%
41 Amplitron Amplitron Snowbound
50%
55 swiborg Linear Solar Flare
50%
18 PersonHuman42 xander Spectre
50%
53 Tuggy icedcave Stellar Night
50%
13 Cursed Cursed Subsuming Vortex
50%
25 PoCle SyQual Subterminal Point
50%
50 VoTcHi SyQual The Hallucination
50%
42 Nickname09 Nickname09 The Salt Factory
50%
1 Zoink CairoX Thinking Space II
50%
36 Zoink TeamTheDashers Through The Gates
50%
22 Zoink Exen Tunnel of Despair
50%
34 maybee ThePurgatory Voltage
50%
66 Laysah Renn241 walter white
50%
30 ⁨[미소노 미카] 구아이 SnowEye zorin
50%
68 Scotchtape wabas BRITNEY NO SCLEARS
0%
63 geodom HappyMoby CHROMACAVE
0%
74 Wain HushLC Climax
0%
71 Whizkid05 Madison Yuko Decks Dark
0%
69 cobrablitz Halzion Operation Evolution
0%
72 skzyl artos SARYYX NEVER CLEAR
0%
28 Lavatrex Lavatrex The Lightninh Rod
0%
64 Gokill Dolabill The Plunge
0%
73 Dorami Dorami The Yangire
0%
No matching quizzes found
Score Distribution
Percent of People with Each Score
Percentile by Number Answered
Your Score History
You have not taken this quiz since the last reset